| 000 | 00580nam a2200193Ia 4500 | ||
|---|---|---|---|
| 003 | GCL | ||
| 008 | 140319s9999 xx 000 0 eng d | ||
| 040 |
_aGCL / _cGCL |
||
| 082 | 0 | 4 |
_a658.514 _bQ I |
| 100 | 1 | _aQUINN, JAMES B. | |
| 245 | 1 | 0 |
_aINTELLIGENT ENTERPRISE: A KNOWLEDGE AND SERVICE BASED PARADIGM FOR INDUSTRY / _cQUINN, JAMES B. |
| 260 |
_a[S.N] : _bTHE FREE PRESS ، _c1992 |
||
| 300 | _a473 P | ||
| 650 | 0 | 4 | _aORGANIZATIONAL EFFECTIVENESS |
| 650 | 0 | 4 | _aTECHNOLOGICAL INNOVATIONS |
| 650 | 0 | 4 | _aORGANIZATIONAL CHANGE |
| 650 | 0 | 4 | _aCUSTOMER SERVICE |
| 942 |
_2ddc _cBK |
||
| 999 |
_c20984 _d20984 |
||